Alisha Boe Filmography - Statistics

General Stats
  • This quiz has been taken 6 times
    3 since last reset
  • The average score is 2 of 30
Answer Stats
Type Year Name % Correct
Web Series 2017-2020 13 Reasons Why
100%
Web Series 2023-Present The Buccaneers
50%
Film 2022 When You Finish Saving the World
50%
Film 2017 68 Kill
0%
Film 2008 Amusement
0%
Short Film 2018 Binge
0%
TV Show 2015 Casual
0%
TV Show 2015-2016 CSI: Cyber
0%
Podcast 2020 Day by Day
0%
TV Show 2014-2015 Days of Our Lives
0%
Film 2022 Do Revenge
0%
TV Show 2014 Extant
0%
Film 2019 Gates of Darkness
0%
Film 2009 He's on My Mind
0%
Short Film 2016 Horny Af
0%
Music Video 2018 Lost in Japan
0%
TV Show 2014 Modern Family
0%
TV Show 2015 NCIS
0%
TV Show 2015 Noches con Platanito
0%
Film 2012 Paranormal Activity 4
0%
TV Show 2012 Parenthood
0%
Short Film 2009 Plastic Makes Perfect!
0%
Film 2019 Poms
0%
TV Show 2015-2016 Ray Donovan
0%
TV Show 2018 Robot Chicken
0%
TV Show 2016 Teen Wolf
0%
TV Show 2013 Trophy Wife
0%
Film 2024 Who Am I
0%
Music Video 2021 Why Don't You Touch Me
0%
Film 2019 Yes, God, Yes
0%
No matching quizzes found
Score Distribution
Percent of People with Each Score
Percentile by Number Answered
Your Score History
You have not taken this quiz since the last reset